Statistics for lyrics to We Don't talk About Bruno

Click here to take the quiz!

General Stats

  • This quiz has been taken 54 times
  • The average score is 148 of 206

Answer Stats

% Correct
we
100%
a
98%
bruno
95%
do
95%
talk
95%
about
93%
dont
93%
i
93%
no
90%
the
90%
in
88%
and
85%
my
85%
day
83%
it
83%
was
83%
wedding
80%
you
80%
cloud
78%
get
78%
or
78%
our
78%
sky
78%
so
78%
there
78%
wasnt
78%
were
78%
with
78%
but
75%
mi
75%
tell
75%
am
73%
clouds
73%
getting
73%
he
73%
story
73%
telling
73%
to
73%
all
70%
grin
70%
on
70%
ready
70%
walks
70%
allowed
68%
go
68%
like
68%
looks
68%
im
65%
rain
65%
says
65%
sorry
65%
brain
63%
this
63%
thunder
63%
vida
63%
when
63%
your
63%
did
60%
doing
60%
floods
60%
hurricane
60%
fear
58%
his
58%
married
58%
of
58%
us
58%
what
58%
abuela
55%
along
55%
back
55%
foot
55%
mischievous
55%
name
55%
rats
55%
seven
55%
sound
55%
why
55%
anyway
53%
calls
53%
frame
53%
him
53%
live
53%
sand
53%
black
50%
fades
50%
falling
50%
stumbling
50%
understand
50%
always
48%
hey
48%
joyous
48%
sees
48%
grew
45%
hear
45%
mumbling
45%
muttering
45%
stuttering
45%
umbrellas
45%
associate
43%
could
43%
sort
43%
yeah
43%
dreams
40%
feasts
40%
screams
40%
they
40%
couldn't
38%
its
38%
left
38%
family
35%
humbling
35%
fumbling
33%
gift
33%
prophecies
33%
grappling
30%
heavy
30%
lift
30%
chchch
23%

Score Distribution

Percentile by Number Answered

Percent of People with Each Score

Your Score History

You have not taken this quiz